000 00776nam a2200241Ia 4500
003 OSt
005 20220926020416.0
006 a|||||r|||| 00| 0
007 ta
008 220923b |||||||| |||| 00| 0 eng d
020 _a9780415521246
_c3687.83
037 _bIN4313, 10/03/2017, R K Books
_cGeneral Book
040 _aRTL
_cRTL
_beng
041 _2eng
_aeng
082 _aU35, Q5
100 _aDOVER John W
_9324331
245 0 _aGreen infrastructure
_b Incorporating plants and enhancing biodiversityt in buildings and urban environments
260 _aNew York
_bRoutledge
_c2015
300 _avii,337p.
_ccm.
650 _aGeography
942 _hU35, Q5
_cGB
_2CC
999 _c634160
_d634160